1499 1623 1577 1170 1476 1274 1880 1356 1396 1600 1996 1309 1776 1656 1086 1389 1665 1517 1032 1080 1715 1798 1909 1546 1015 1429 1174 1811 1072 1419 1525 1745 1821 1431 1949 1361 1866 1258 1312 1079 1950 1339 1246 1073 1616 1479 1300 1330 1485 1974 1272 1098 1493 1913 1161 1133 1501 1235 1622 1066 1802 1377 1770 1222 1468 1689 1531 1879 1144 1830 1783 1416 1435 1031 1960 1294 1644 1863 1379 1668 1282 1588 1144 1838 1257 1594 1630 1324 1661 1121 1454 1382 1087 1511 1330 1313 1535 1424 1367 BCNSPRNW ULIB Ver.6.0+V

เปลี่ยนเป็นภาษาไทย

Change to English
 แสดงรายละเอียดบรรณานุกรม
  กลับหน้าหลัก

Brief Record : Get Marc (ISO 2709) : E-mail record : QR code < ปิดหน้าต่าง
LEADER : 00000nam 2200000uu 4500
001    13399114844
003     ULIB
008    020711s2549 th a 000 0 tha d
099    ^aวจ.WC503^bย546ก
100    ^aเยาวลักษณ์ มหาสิทธิวัฒน์
245    ^aการพัฒนาหลักสูตรเสริมทักษะการดูแลติดเชื้อ เอชไอวี/เอดส์ สำหรับนักศึกษาพยาบาลศาสตร์บัณฑิต/^cเยาวลักษณ์ มหาสิทธิวัฒน์
260    ^aพะเยา :^bวิทยาลัยพยาบาล บรมราชชนนี พะเยา,^c2549
650    การดูแลผู้ติดเชื้อเอชไอวี
945    ^p0^l0^i020664
999    ^aวรรณษา ชูชัยมงคล
รายการนี้ยังไม่มีแท็ก
คุณยังไม่ได้ล็อกอิน คุณสามารถมีกิจกรรมร่วมกับเว็บไซต์ได้ แต่ต้องล็อกอินก่อน ::
  ล็อกอิน

รายการสื่อสารสนเทศ

ลำดับที่ ประเภท เลขเรียก/บาร์โค้ด สถานที่ สถานะ
1. งานวิจัย
งานวิจัย
วจ.WC503 ย546ก ฉ.1 
  Barcode: 020664
ห้องสมุดวิทยาเขตสวรรค์ประชารักษ์
►วิจัย
บนชั้น

BibComment


ยังไม่เคยถูกคอมเมนท์

คอมเมนท์ทรัพยากรรายการนี้
  คอมเมนท์: การพัฒนาหลักสูตร..


 Copyright 2026. Bcnsprnw @Library